000
00242nam a22001097a 4500
082
_a
330.9547م ب ش
100
_a
مبشر
245
_a
پاکیستان کے جعلی حکمران
260
_a
لاہور
300
_a
۱۴۴
942
_c
BK
999
_c
15148
_d
15148